000 00810nam a2200289Ia 4500
001 884
003 IT-RoPAU
008 130308s9999 xx 000 0 und d
040 _aIT-RoPAU
040 _cIT-RoPAU
041 _aITAL/INGL
100 _aFagone Vittorio
100 _gCodice Aut. SPICS: 6839
245 _aPer un catalogo del cinema d'artista in Italia 1965-1977
245 _bArte e Cinema-Per un Catalogo di Cinema d'artista in Italia 1965-1977
250 _a1a ed.
260 _aVENEZIA
260 _bMarsilio
260 _c1977 [1° Ed.:1977 - Ed.Ling.Originale:1977]
300 _a"6 p. (prefazione: no ; testo: 6 [pagine: 6-11])"
650 _aGENERI CINEMATOGRAFICI
650 _eCodice materia Spics: 6810
942 _cBK
957 _71
999 _c54778
_d54778
999 _bSI
999 _g1